Find That Vegetable! Quiz Stats

Quiz Updated Nov 8, 2017

Also try: Find That Fruit!
Challenge
Share
Tweet
Score 0/30 Timer 04:00
26 Plays Today
% Correct
Corn
94.8%
Carrot
94.2%
Potato
94.1%
Green Beans
93.7%
Cauliflower
93.6%
Spinach
92.1%
Yam (Sweet Potato)
92%
Garlic
91.9%
Broccoli
91.8%
Onion
91.7%
Celery
91.5%
Asparagus
90.4%
Brussels Sprouts
89.8%
Radish
87.6%
Ginger
87.1%
% Correct
Romaine Lettuce
84.3%
Globe Artichoke
82.1%
Cabbage
81.5%
Rhubarb
79.6%
Broccolini
77.3%
Leek
74.1%
Turnip
73.6%
Bok Choy
70.2%
Watercress
64.7%
Fennel
64.1%
Parsnip
63.8%
Endive
58%
Radicchio
57.6%
Kohlrabi
54.6%
Rutabaga (Swede)
51.5%

You're not logged in!

Compare scores with friends on all Sporcle quizzes.
Sign Up with Email
OR
Log In

You Might Also Like...

Show Comments

Extras

Top Quizzes Today


Score Distribution

Your Account Isn't Verified!

In order to create a playlist on Sporcle, you need to verify the email address you used during registration. Go to your Sporcle Settings to finish the process.